I Know I'm Funny haha - Album (Faye Webster) - Statistics

General Stats
  • This quiz has been taken 38 times
  • The average score is 5 of 11
Answer Stats
# Title % Correct
3. I Know I'm Funny haha
85%
10. (feat. mei ehara) Overslept
65%
4. In A Good Way
60%
9. A Dream With A Baseball Player
45%
1. Better Distractions
45%
5. Kind Of
45%
2. Sometimes
45%
6. Cheers
35%
8. A Stranger
30%
11. Half of Me
30%
7. Both All The Time
25%
No matching quizzes found
Score Distribution
Percent of People with Each Score
Percentile by Number Answered
Your Score History
You have not taken this quiz